Microsoft Windows Server 2003 : TCP/IP Protocols and Services (Record no. 164796)

MARC details
000 -LEADER
fixed length control field 00517nam a2200205Ia 4500
008 - FIXED-LENGTH DATA ELEMENTS--GENERAL INFORMATION
fixed length control field 240823s9999||||xx |||||||||||||| ||und||
020 ## - INTERNATIONAL STANDARD BOOK NUMBER
International Standard Book Number 81-203-2289-4
082 ## - DEWEY DECIMAL CLASSIFICATION NUMBER
-- 005.4469 P3
100 ## - MAIN ENTRY--PERSONAL NAME
Personal name "Davies,Joseph"
245 #0 - TITLE STATEMENT
Title Microsoft Windows Server 2003 : TCP/IP Protocols and Services
250 ## - EDITION STATEMENT
Edition statement 1st
260 ## - PUBLICATION, DISTRIBUTION, ETC. (IMPRINT)
Date of publication, distribution, etc 2003
Name of publisher, distributor, etc "PHI,New D"
500 ## - GENERAL NOTE
General note YES
650 ## - SUBJECT ADDED ENTRY--TOPICAL TERM
Topical term or geographic name as entry element Server
700 ## - ADDED ENTRY--PERSONAL NAME
Personal name " Lee,Thomas H"
942 ## - ADDED ENTRY ELEMENTS (KOHA)
Item type Books
Holdings
Withdrawn status Lost status Damaged status Permanent location Current location Date acquired Source of acquisition Cost, normal purchase price Full call number Barcode Date last seen Koha item type
      CENTRAL LIBRARY, NOORUL ISLAM CENTRE FOR HIGHER EDUCATION CENTRAL LIBRARY, NOORUL ISLAM CENTRE FOR HIGHER EDUCATION 07/16/2003 Higginbothams Private Ltd 695.00 005.4469 P3 19583 08/23/2024 Books
Visitors:
Copyright © 2024 Central Library NICHE.  All rights reserved.